=LDR 00000nam 2200000 4500 =001 INLIS000000000032855 =005 20140503131714.0 =006 =007 =008 Ind =035 ##$$a 0010-061300000032855 =041 ##$$a Ind =082 ##$$a 920 =090 ##$$a 920, Hak s =100 ##$$a Hakim, Rehan =245 ##$$a Sialan Beckham (Ternyata) Yahudi, Reyhan Hakim =260 ##$$a 2009 $b Jakarta =300 ##$$a 243 hlm, ilus, 21cm =650 ##$$a Bacaan anak anak =850 ##$$a NBPNMAT =990 ##$$a 93351/BPAP-NTB/2014 =990 ##$$a 21195854/BPAP-NTB/2014 =990 ##$$a 21400613/BPAP-NTB/20142014